Every Premier League Goalscorer (1999/2000) - Statistics

General Stats
  • This quiz has been taken 70 times
  • The average score is 63 of 257
Answer Stats
Player Club Goals % Correct
Thierry Henry Arsenal 17
89%
Teddy Sheringham Manchester United 5
87%
Paul Scholes Manchester United 9
84%
Andy Cole Manchester United 19
82%
Dwight Yorke Manchester United 20
82%
Joe Cole West Ham United 1
82%
Alan Shearer Newcastle United 23
79%
David Beckham Manchester United 6
79%
Mikkel Beck Derby County 1
79%
Michael Owen Liverpool 11
76%
Patrick Vieira Arsenal 2
76%
Ryan Giggs Manchester United 6
76%
Dennis Bergkamp Arsenal 6
74%
Robbie Fowler Liverpool 3
74%
Robbie Keane Coventry City 12
74%
Roy Keane Manchester United 5
74%
Frank Lampard West Ham United 7
71%
Kevin Phillips Sunderland 30
71%
Les Ferdinand Tottenham Hotspur 2
71%
Andy Campbell Middlesbrough 4
68%
Kevin Campbell Everton 11
68%
Steven Gerrard Liverpool 1
68%
Freddie Ljungberg Arsenal 6
66%
Matt Le Tissier Southampton 3
66%
Alan Smith Leeds United 4
63%
Dion Dublin Aston Villa 12
63%
Emile Heskey Leicester City 7
61%
Emile Heskey Liverpool 3
61%
Martin Keown Arsenal 1
61%
Ole Gunnar Solskjær Manchester United 12
61%
Tommy Smith Watford 2
61%
Alan Wright Aston Villa 1
58%
Stephen Carr Tottenham Hotspur 3
58%
Ray Parlour Arsenal 1
55%
Denis Irwin Manchester United 3
53%
Duncan Ferguson Newcastle United 6
53%
Gianfranco Zola Chelsea 4
53%
Nicky Butt Manchester United 3
53%
Chris Sutton Chelsea 1
50%
Darren Anderton Tottenham Hotspur 3
50%
Emmanuel Petit Arsenal 2
50%
Lee Dixon Arsenal 4
50%
Marc Overmars Arsenal 7
50%
Nwankwo Kanu Arsenal 12
50%
Dennis Wise Chelsea 4
47%
RIchard Johnson Watford 3
47%
Seth Johnson Derby County 1
47%
Harry Kewell Leeds United 10
45%
Paul Ince Middlesbrough 3
45%
Gary Speed Newcastle United 9
42%
Aaron Hughes Newcastle United 2
39%
Danny Murphy Liverpool 3
39%
Gary McAllister Coventry City 11
39%
Gus Poyet Chelsea 10
39%
Kevin Davies Southampton 6
39%
Mark Hughes Everton 1
39%
Mark Hughes Southampton 1
39%
Michael Hughes Wimbledon 2
39%
Paolo Di Canio West Ham United 16
39%
Stephen Hughes Everton 1
39%
David Ginola Tottenham Hotspur 4
37%
Gareth Barry Aston Villa 1
37%
Juninho Middlesbrough 4
37%
Nicky Barmby Everton 9
37%
Paul Merson Aston Villa 5
37%
Jamie Redknapp Liverpool 3
34%
Kieron Dyer Newcastle United 3
34%
Marcel Desailly Chelsea 1
34%
Roberto Di Matteo Chelsea 2
34%
Tore André Flo Chelsea 10
34%
Alan Quinn Sheffield Wednesday 3
32%
Ian Taylor Aston Villa 4
32%
Niall Quinn Sunderland 14
32%
Robbie Savage Leicester City 1
32%
Stan Collymore Leicester City 4
32%
Steffen Iversen Tottenham Hotspur 14
32%
Trevor Sinclair West Ham United 7
32%
Danny Mills Leeds United 1
29%
Lee Bowyer Leeds United 5
29%
Lee Mills Bradford City 5
29%
Muzzy Izzet Leicester City 8
29%
Tim Sherwood Tottenham Hotspur 8
29%
Alun Armstrong Middlesbrough 1
26%
Dean Saunders Bradford City 3
26%
Dean Sturridge Derby County 6
26%
Dean Windass Bradford City 10
26%
Francis Jeffers Everton 6
26%
Ian Harte Leeds United 6
26%
John Hartson Wimbledon 9
26%
Mark Williams Watford 1
26%
Neil Lennon Leicester City 1
26%
Paul Gascoigne Middlesbrough 1
26%
Paulo Wanchope West Ham United 12
26%
Paul Williams Coventry City 1
26%
Sami Hyypiä Liverpool 2
26%
Wayne Bridge Southampton 1
26%
Chris Armstrong Tottenham Hotspur 14
24%
Darren Huckerby Leeds United 2
24%
Dietmar Hamann Liverpool 1
24%
Lee Hendrie Aston Villa 1
24%
Michael Carrick West Ham United 1
24%
Nolberto Solano Newcastle United 3
24%
Robbie Earle Wimbledon 3
24%
Vladimír Šmicer Liverpool 1
24%
Benito Carbone Aston Villa 4
21%
Benito Carbone Sheffield Wednesday 2
21%
Dean Richards Southampton 2
21%
Gary Pallister Middlesbrough 1
21%
Gavin McCann Sunderland 4
21%
Jonathan Woodgate Leeds United 1
21%
Marians Pahars Southampton 13
21%
Øyvind Leonhardsen Tottenham Hotspur 4
21%
Patrik Berger Liverpool 9
21%
Quinton Fortune Manchester United 2
21%
Richard Walker Aston Villa 2
21%
Carlton Palmer Coventry City 1
18%
Dan Petrescu Chelsea 4
18%
David Unsworth Everton 6
18%
Davor Šuker Arsenal 8
18%
Frédéric Kanouté West Ham United 2
18%
Gilles Grimandi Arsenal 2
18%
Jason Euell Wimbledon 4
18%
Jason Wilcox Leeds United 3
18%
John Collins Everton 2
18%
Mustapha Hadji Coventry City 6
18%
Steve Stone Aston Villa 1
18%
Tony Cottee Leicester City 13
18%
Ugo Ehiogu Aston Villa 1
18%
Alan Thompson Aston Villa 2
16%
Brian Deane Middlesbrough 9
16%
Chris Perry Tottenham Hotspur 1
16%
Christian Ziege Middlesbrough 6
16%
Darren Ward Watford 1
16%
David Thompson Liverpool 3
16%
Frank Leboeuf Chelsea 2
16%
George Boateng Aston Villa 2
16%
Hámilton Ricard Middlesbrough 12
16%
Michael Ball Everton 1
16%
Michael Duberry Leeds United 1
16%
Stuart McCall Bradford City 1
16%
Andreas Lund Wimbledon 1
13%
Andy Hinchcliffe Sheffield Wednesday 1
13%
Andy O'Brien Bradford City 1
13%
Danny Cadamarteri Everton 1
13%
David Weir Everton 2
13%
Egil Østenstad Southampton 1
13%
Joe-Max Moore Everton 6
13%
John Moncur West Ham United 1
13%
Jordi Cruyff Manchester United 3
13%
Kevin Gallacher Newcastle United 2
13%
Kevin Kilbane Sunderland 1
13%
Luís Boa Morte Southampton 1
13%
Marcus Gayle Wimbledon 7
13%
Matt Elliott Leicester City 6
13%
Stephen McPhail Leeds United 2
13%
Steve Guppy Leicester City 2
13%
Steve Lomas West Ham United 1
13%
TIti Camara Liverpool 9
13%
Alex Rae Sunderland 3
11%
Andy Booth Sheffield Wednesday 2
11%
Darryl Powell Derby County 2
11%
David Wetherall Bradford City 2
11%
Don Hutchison Everton 6
11%
George Weah Chelsea 3
11%
Gilles De Bilde Sheffield Wednesday 10
11%
Jody Morris Chelsea 3
11%
Julian Joachim Aston Villa 6
11%
Mark Pembridge Everton 2
11%
Michael Bridges Leeds United 19
11%
Noel Whelan Coventry City 1
11%
Richard Shaw Coventry City 1
11%
Rory Delap Derby County 8
11%
Stefan Oakes Leicester City 1
11%
Sylvinho Arsenal 1
11%
Allan Smart Watford 5
8%
Andy Impey Leicester City 1
8%
Craig Burley Derby County 5
8%
Deon Burton Derby County 4
8%
Eirik Bakke Leeds United 2
8%
Horacio Carbonari Derby County 2
8%
Igor Štimac West Ham United 1
8%
Jamie Lawrence Bradford City 3
8%
John Aloisi Coventry City 2
8%
Matt Oakley Southampton 3
8%
Niclas Alexandersson Sheffield Wednesday 5
8%
Peter Atherton Sheffield Wednesday 1
8%
Peter Beagrie Bradford City 7
8%
Robbie Blake Bradford City 2
8%
Theodoros Zagorakis Leicester City 1
8%
Vegard Heggem Liverpool 1
8%
Youssef Chippo Coventry City 2
8%
David Hopkin Leeds United 1
5%
Gerald Sibon Sheffield Wednesday 5
5%
Gerry Taggart Leicester City 6
5%
Hassan Kachloul Southampton 5
5%
Jacob Laursen Derby County 1
5%
Jon Harley Chelsea 2
5%
Jo Tessem Southampton 4
5%
Mark Delaney Aston Villa 1
5%
Martin Andresen Wimbledon 1
5%
Michel Ngonge Watford 5
5%
Nordin Wooter Watford 4
5%
Paul Butler Sunderland 1
5%
Ramon Vega Tottenham Hotspur 1
5%
Richard Gough Everton 1
5%
Scot Gemmill Everton 1
5%
Stefan Schwarz Sunderland 1
5%
Stephen Clemence Tottenham Hotspur 1
5%
Steve Froggatt Coventry City 1
5%
Stuart Ripley Southampton 1
5%
Tahar El Khalej Southampton 1
5%
Walid Badir Wimbledon 1
5%
Wim Jonk Sheffield Wednesday 3
5%
Xavier Gravelaine Watford 2
5%
Alessandro Pistone Newcastle United 1
3%
Andy Griffin Newcastle United 1
3%
Bernard Lambourde Chelsea 2
3%
Branko Strupar Derby County 5
3%
Carl Cort Wimbledon 9
3%
Chris Makin Sunderland 1
3%
Didier Domi Newcastle United 3
3%
Heiðar Helguson Watford 6
3%
Hermann Hreiðarsson Wimbledon 1
3%
John Dreyer Bradford City 1
3%
Malcolm Christie Derby County 5
3%
Marc-Vivien Foé West Ham United 1
3%
Neal Ardley Wimbledon 2
3%
Nicky Summerbee Sunderland 1
3%
Nikolaos Dabizas Newcastle United 4
3%
Peter Kennedy Watford 1
3%
Petter Rudi Sheffield Wednesday 2
3%
Richard Cresswell Sheffield Wednesday 1
3%
Robbie Stockdale Middlesbrough 1
3%
Rob Page Watford 1
3%
Simon Donnelly Sheffield Wednesday 1
3%
Stephen Glass Newcastle United 1
3%
Trond Egil Soltvedt Southampton 1
3%
Ysrael Zúñiga Coventry City 2
3%
Avi Nimni Derby County 1
0%
Cédric Roussel Coventry City 6
0%
David Perpetuini Watford 1
0%
Diego Gavilán Newcastle United 1
0%
Dominic Foley Watford 1
0%
Esteban Fuertes Derby County 1
0%
Gareth Ainsworth Wimbledon 2
0%
Gareth Walley Bradford City 1
0%
Georgi Kindladze Derby County 1
0%
Gianluca Festa Middlesbrough 2
0%
Hélder Newcastle United 1
0%
Javier Margas West Ham United 1
0%
Jóhann Birnir Guðmundsson Watford 2
0%
John Eustace Coventry City 1
0%
Micah Hyde Watford 3
0%
Michael Reddy Sunderland 1
0%
Neil Redfearn Bradford City 1
0%
Phil Gilchrist Leicester City 1
0%
Tommy Mooney Watford 3
0%
No matching quizzes found
Score Distribution
Percent of People with Each Score
Percentile by Number Answered
Your Score History
You have not taken this quiz